Το δωμάτιο που ταξιδεύει
Saved in:
| Main Author: | |
|---|---|
| Format: | Book |
| Language: | Greek |
| Published: |
Αθήνα :
Φιλιππότης,
1996
|
| Series: | Παιδικά - Εφηβικά ;
; 1 |
| Subjects: | |
| Tags: |
Add Tag
No Tags, Be the first to tag this record!
|
MARC
| LEADER | 00000nam a2200000 i 4500 | ||
|---|---|---|---|
| 001 | 1/70200 | ||
| 008 | 990224s1996 gre d | ||
| 035 | |l 10048039 | ||
| 040 | |a GR-MY-UA |b gre |e aacr | ||
| 041 | 0 | |a gre | |
| 082 | 0 | |a 808.0683 | |
| 100 | 1 | |a Βαμβουνάκη, Μάρω, |d 1948- | |
| 245 | 1 | 3 | |a Το δωμάτιο που ταξιδεύει / |c Μάρω Βαμβουνάκη |
| 260 | |a Αθήνα : |b Φιλιππότης, |c 1996 | ||
| 300 | |a 130 σ. | ||
| 490 | 1 | |a Παιδικά - Εφηβικά |v ; 1 | |
| 650 | 0 | 0 | |a Children's literature, Greek (Modern) |
| 650 | 0 | 0 | |a Children's stories, Greek (Modern) |
| 830 | 0 | |a Παιδικά - Εφηβικά ; |v ; 1 | |
| 852 | |a INST |b RHODES |e 19990224 |h 808.0683 ΒΑΜ |p 005400015727 |q 005400015727 |t BK |y 0 | ||
| 852 | |a INST |b RHODES |e 19990224 |h 808.0683 ΒΑΜ |p 005400015728 |q 005400015728 |t BK |y 0 | ||
| 901 | |a BIBL-1999-1 | ||
| 909 | |a Ρ |b 048923 |c 1999 | ||
| 909 | |a Ρ |b 048924 |c 1999 | ||
| 922 | |a 4ΔΩΡ |b 199902 |c ΔΩΡΕΑ | ||
| 970 | |z 2000/06/ΚΑΤΕΡΙΝΑ | ||